000 00562nam a22002057a 4500
003 OSt
005 20170323194230.0
008 170323b xxu||||| |||| 00| 0 eng d
020 _a9780443069093
040 _cDMLN
082 _aQV737 P494p 2009
100 _aEdited by Winfield, A.J.; Rees, J.A.; Smith, I.
_911944
245 _aPharmaceutical practice
250 _a4th ed.
260 _aEdinburgh; Churchill, 2009
300 _axix,643p; col.ill: 25cm
504 _aAppendices, & index included
650 _aPharmaceuticals
_95840
942 _2z
_cSLOAN
999 _c5736
_d5736